| 000 | 00954nam a2200241 i 4500 | ||
|---|---|---|---|
| 001 | bg | ||
| 245 | 0 | 0 |
_aCAD creativeness : _bproceedings of the 4th International conference [Computer in architectural design] Białystok, Poland 25-27 April 1996 / _c[Faculty of Architecture Technical University of Białystok] ; ed. by Aleksander Asanowicz, Bogumił Sawicki. |
| 260 |
_a[Białystok] : _bFATU, _c[1996]. |
||
| 300 |
_a299 s. : _bfot., rys. ; _c23 cm. |
||
| 500 | _aTekst częśc. pol. | ||
| 504 | _aBibliogr. przy ref. | ||
| 650 | 9 |
_aArchitektura _xprojekty _xautomatyzacja |
|
| 650 | 9 |
_aKomputery _xstosowanie _xbudownictwo |
|
| 650 | 9 |
_aPlanowanie przestrzenne _xautomatyzacja |
|
| 655 | _aMateriały konferencyjne | ||
| 700 | 1 |
_aASANOWICZ, Aleksander. _eRed. |
|
| 700 | 1 |
_aSAWICKI, Bogunił. _eRed. |
|
| 040 | _cBPK | ||
| 041 | 0 | _aenpl | |
| 080 | _a72.01/.02+711:681.322.004](061.3) | ||
| 942 | _cKS | ||
| 008 | s pl f |000 0 pol | ||
| 999 |
_c31510 _d31510 |
||
| 856 |
_uhttp://koha.tu.koszalin.pl/cgi-bin/koha/opac-detail.pl?biblionumber=31510 _yKatalog online BPK |
||